000 00518cam a22001932 4500
001 0000004199
005 20170406115633.0
008 140828s xx 000 0 eng d
020 _c$
040 _aYour Holding Symbol
_cYour Holding Symbol
100 1 _aHenry ,O.
245 1 4 _aThe complete works of O.Henry.
250 _a ed.
260 _aNew yor :
_bDoubleday,
_c1953.
300 _a810 p. ;
_c cm.
650 0 _aliterature.
908 _a140828
999 _c4036
_d4036